| 000 | 00606nam a2200241Ia 4500 | ||
|---|---|---|---|
| 005 | 20250425161737.0 | ||
| 008 | 250425s9999 xx 000 0 und d | ||
| 020 | _a9682436869 | ||
| 041 | _aspa | ||
| 082 | _a631 | ||
| 100 | _aGRAETZ, H. A. | ||
| 245 | 0 | _aSUELOS Y FERTILIZACIÓN | |
| 250 | _a2A ED. | ||
| 260 | _aMEXICO | ||
| 260 |
_aMéxico _bTRILLAS : SEP _c1992 |
||
| 300 | _a80 | ||
| 500 | _aMANUALES PARA EDUCACIÓN AGROPECUARIA. SUELOS Y AGUA | ||
| 650 | _aFERTILIZANTES Y ABONOS | ||
| 650 | _aSUELOS-CONSERVACION | ||
| 650 | _aSUELOS-FERTILIDAD | ||
| 942 | _c01 | ||
| 010 | _a27101 | ||
| 999 |
_c215198 _d215198 |
||